000 01782nam a2200337 c 4500
003 BLK
005 20180422120049.0
008 180411b bul|||||r ||||||| ||bul||
010 _aKNG00204879000
040 _aBLK
041 _aBUL
_cBUL
072 7 _2bullib
_aА
_xФонд Михаил Арнаудов
080 _aНемска литература
_b821.112.2
_x-21
_z821.112.2-21
700 1 _aГьоте, Йохан Волфганг фон
_e*
_9363966
100 1 _aГете, Йохан Волфганг фон
_eпърви автор
_9344614
700 1 _aГанчев, Иван Николов
_eпрев.
_9321290
139 _aГьоте, Йохан Волфганг фон
_bГ 97
245 1 0 _aФауст
_bТрагедия : Ч. 1 - 2
_c* Йохан Волфганг фон Гьоте; Йохан Волфганг фон Гете; прев. Иван Николов Ганчев.
_nЧ. 2
_pС етюд за значението на Фауст и множество изясн. бележки към текста
257 _aDEU
260 София
_bпеч. Дневник
_c1906
300 _c24 см
380 _aX
490 1 _3Серия на том
_aДружеска беседа : Списание за литература и популярни науки
_v8
659 _aА
760 1 _aГете, Йохан Волфганг фон
_h128, 32 с. : с ил.
_nПоправки в текста и по полетата. - Мека подв.
_tЧ. 2 С етюд за значението на Фауст и множество изясн. бележки към текста
852 _aЦб МА 2084
856 4 _qpdf
_u
856 4 _qpdf
_u
942 _cKNG
_n0
944 _aCR
_c10.04.2017
_kГеновева_Генчева
944 _aED
_c10.04.2017
_kГеновева_Генчева
999 _c195625
_d195625